Szczegóły MARC21

Ekonomia : elementy gospodarki rynkowej /

003 -Nazwa inst., której nr kontr. jest w polu 001 [,]
    • @
    • Nazwa instytucji, której n kontrolny jest w polu 001
    • NUKAT
005 -DATA I CZAS OSTATNIEJ MODYFIKACJI [,]
    • @
    • pole kontrolne
    • 20251007140512.0
040 -Instytucja sporządzająca opis [ , ]
    • a
    • Instytucja, która sporządziła opis (NP)
    • SZCZ U/AB
    • b
    • Język katalogowania
    • pol
    • e
    • Zasady katalogowania
    • rda
    • c
    • Instytucja, która sporządziła rekord (NP)
    • SZCZ U/ABs
942 -Rodzaj dokumentu [ , ]
    • c
    • Rodzaj dokumentu
    • Książka
245 -Strefa tytułu i oznaczenia odpowiedzialności [0,0]
    • a
    • Tytuł
    • Ekonomia : Find
    • b
    • Ciąg dalszy tytułu (NP)
    • elementy gospodarki rynkowej / Find
    • c
    • Pozostałe elementy strefy tytułu i oznaczenia odpowiedzialności (NP)
    • redakcja: Ewa Kubiak, Józef Hozer ; Polskie Towarzystwo Ekonomiczne. Oddział w Szczecinie.
260 -Strefa adresu wydawniczego [ , ]
    • a
    • Miejsce wydania (P)
    • Szczecin :
    • b
    • Nazwa wydawcy (P)
    • [wydawca nieznany],
    • c
    • Data wydania (P)
    • 1991.
300 -Strefa opisu fizycznego [ , ]
    • a
    • Określenie formy książki i/lub objętość (NP)
    • 563, [1] strona :
    • b
    • Oznaczenie ilustracji (NP)
    • ilustracje ;
    • c
    • Format (NP)
    • 21 cm.
336 -Typ zawartości [ , ]
    • a
    • Termin opisujący typ zawartości
    • Tekst
    • b
    • Kod określający zawartość
    • txt
    • 2
    • Źródło (terminu i kodu)
    • rdacontent
337 -Typ mediów [ , ]
    • a
    • Tryb odtwarzania
    • Bez urządzenia pośredniczącego
    • b
    • Kod typu mediów
    • n
    • 2
    • Źródło (terminu i kodu)
    • rdamedia
338 -Typ/rodzaj nośnika [ , ]
    • a
    • Hasło opisujące typ nośnika
    • Wolumin
    • b
    • Kod typu nośnika
    • nc
    • 2
    • Źródło (terminu i kodu)
    • rdacarrier
504 -Uwaga dot. bibliogr. załącznikowej [ , ]
    • a
    • Uwaga dot. bibliografii załącznikowej
    • Bibliografia przy rozdziałach.
080 -Uniwersalna Klasyfikacja Dziesiętna [ , ]
    • a
    • Symbol klasyfikacji
    • 330.342.172
    • 9
    • UKD
    • 2966
    • 2
    • Identyfikator wydania tablic
    • UDC-P058
    • b
    • Dopowiedzenie
    • Gospodarka rynkowa (wolnorynkowa).
080 -Uniwersalna Klasyfikacja Dziesiętna [ , ]
    • a
    • Symbol klasyfikacji
    • :330.5
080 -Uniwersalna Klasyfikacja Dziesiętna [ , ]
    • a
    • Symbol klasyfikacji
    • :336.74
080 -Uniwersalna Klasyfikacja Dziesiętna [ , ]
    • a
    • Symbol klasyfikacji
    • :339.13
650 -Hasło przedmiotowe [ ,7]
    • a
    • Hasło przedmiotowe
    • Ekonomia.
    • 2
    • Źródło terminu
    • kaba
    • 9
    • KHW
    • 107454
650 -Hasło przedmiotowe [ ,7]
    • a
    • Hasło przedmiotowe
    • Gospodarka rynkowa.
    • 2
    • Źródło terminu
    • kaba
    • 9
    • KHW
    • 110206
980 -Symbol UKD [ , ]
    • a
    • UKD
    • 330.342.172:330.5:336.74:339.13
700 -Hasło dodatkowe - nazwa osobowa [1, ]
    • a
    • Nazwa osobowa (NP)
    • Kubiak, Ewa Find
    • c
    • Dopowiedzenie inne niż daty biograficzne (NP)
    • (ekonomia).
    • e
    • Określenie rodzaju współpracy
    • Redakcja
    • 9
    • KHW
    • 44535
700 -Hasło dodatkowe - nazwa osobowa [1, ]
    • a
    • Nazwa osobowa (NP)
    • Hozer, Józef Find
    • d
    • Daty biograficzne (NP)
    • (1948-2023).
    • e
    • Określenie rodzaju współpracy
    • Redakcja
    • 9
    • KHW
    • 7277
710 -Hasło dodatkowe - nazwa ciała zbiorowego [2, ]
    • a
    • Nazwa ciała zbiorowego lub nazwa geograficzna jako pierwszy element (NP)
    • Polskie Towarzystwo Ekonomiczne.
    • b
    • Nazwa jednostki podrzędnej (P)
    • Oddział (Szczecin).
    • e
    • Rodzaj współpracy
    • Instytucja sprawcza
    • 9
    • KHW
    • 68582
Status udost. Sygnatura Numer inwentarzowy Lokalizacja Data inwentaryzacji
2 E.60047BE1996-10-02
2 S.71910BE1996-10-02
2 S.71911BE1996-10-02
2 S.71912BE1996-10-02
2 S.71913BE1996-10-02
2 S.71914BE1996-10-02
2 S.71915BE1996-10-02
2 S.71916BE1996-10-02
2 S.71917BE1996-10-02
2 S.71918BE1996-10-02
2 S.71919BE1996-10-02
2 S.71920BE1996-10-02
2 S.71921BE1996-10-02
2 S.71922BE1996-10-02
2 S.71923BE1996-10-02
2 S.71924BE1996-10-02
2 S.71925BE1996-10-02
2 S.71926BE1996-10-02
2 S.71927BE1996-10-02
2 S.71928BE1996-10-02
2 S.71929BE1996-10-02
2 S.71930BE1996-10-02
2 S.71932BE1996-10-02
2 S.71933BE1996-10-02
2 S.79223BE1996-10-02
-3 S.87852BE2001-04-17
-2 E.68424BE2002-10-29
2W.173510W.173512BG1996-10-02
-3W.173510W.173510BG1996-10-02
-3W.173510W.173511BG1996-10-02
2Z.80429Z.80429BG1996-10-02
2 F.22665BNS1996-10-02
1SA.4499SA.4499BSA1996-10-02
-3 TS.71931T1996-10-02